000 00517nam a2200205Ia 4500
003 GCL
008 140319s9999 xx 000 0 eng d
040 _aGCL /
_cGCL
082 0 4 _a297.5
_bH T
100 1 _aHELLER, ERDMITE
245 1 0 _aTRAS LOS VELOS DEL ISLAM /
_cHELLER, ERDMITE
700 1 _aMOSBAHI, HASSOUNA
260 _a[S.N] :
_bEDITORIAL HERNADO ،
_c1995
300 _a333 P
650 0 4 _aRELIGION
650 0 4 _aنجد
650 0 4 _aISLAMIC RELIGION
650 0 4 _aISLAMIC MORAL
942 _2ddc
_cBK
999 _c15583
_d15583